00555 a2200169 450000100060000002000180000604000220002410000200004624000420006624500370010830000080014536200090015365000900016294200070025295201090025999900170036861343 a9783190018703 cAnchieta - Pituba aNeuner, Gerhard10aFit für fit in deutsch 1 und 2lpor10aFit für fit in deutsch 1 und 2 a1420 a2007 4a Uso padrão da língua alemã (prescptiva linguística - proficiência alemã) cBK 00104070a91.1b91.1d2023-11-21l0o438 N494f NEU FITp13348/PITr2023-11-21 18:29:30w2023-11-21yBK c61343d61343